BIBLIOTECA

SENCICO

Carpintería en Aluminio y Vidrio (Registro nro. 959)

Detalles MARC
000 -LEADER
fixed length control field 00816nam a2200241Ia 4500
005 - DATE AND TIME OF LATEST TRANSACTION
control field 20251020182454.0
008 - FIXED-LENGTH DATA ELEMENTS--GENERAL INFORMATION
fixed length control field 200515s9999 xx 000 0 und d
082 ## - DEWEY DECIMAL CLASSIFICATION NUMBER
Classification number 624/C28
100 ## - MAIN ENTRY--PERSONAL NAME
Personal name Cuadros Ayqui, Quintin
245 #0 - TITLE STATEMENT
Title Carpintería en Aluminio y Vidrio
260 ## - PUBLICATION, DISTRIBUTION, ETC.
Place of publication, distribution, etc. Lima
260 ## - PUBLICATION, DISTRIBUTION, ETC.
Name of publisher, distributor, etc. CCC Ediciones
260 ## - PUBLICATION, DISTRIBUTION, ETC.
Date of publication, distribution, etc. 2013
300 ## - PHYSICAL DESCRIPTION
Extent 104 p.
300 ## - PHYSICAL DESCRIPTION
Other physical details il., col., tbl., graf.
500 ## - GENERAL NOTE
General note 1 ejemplar
520 ## - SUMMARY, ETC.
Summary, etc. Desarrollado para brindar un alto rendimiento, confort y una estética superior; todos los detalles han sido tomados en consideración para otorgar una funcionalidad acorde a las construcciones civiles de alta categoría. el diseño de cada perfil ha sido est
650 ## - SUBJECT ADDED ENTRY--TOPICAL TERM
Topical term or geographic name entry element ALUMINIO ARQUITECTONICO
650 ## - SUBJECT ADDED ENTRY--TOPICAL TERM
Topical term or geographic name entry element CARPINTERIA
650 ## - SUBJECT ADDED ENTRY--TOPICAL TERM
Topical term or geographic name entry element VIDRIO
942 ## - ADDED ENTRY ELEMENTS (KOHA)
Koha item type Libros
Existencias
Fecha de la última vez que lo usaron Pago total Signatura topográfica completa Código de barras Precio efectivo desde Tipo de documento Estado perdido Estado dañado No es para préstamo Retirado Ubicación permanente Ubicación actual Fecha de adquisición
15/05/2020   624/C28 Bib-Lima15050959 15/05/2020 Libros         Biblioteca Central Lima Biblioteca Central Lima 15/05/2020